Elogio de Quito

Shranjeno v:
Bibliografske podrobnosti
Glavni avtor: La Orden Miracle, Ernesto (autor)
Format: Knjiga
Jezik:angleščina
Izdano: Madrid Cultura Hispánica 1950
Serija:Cuadernos de Arte
Teme:
Oznake: Označite
Brez oznak, prvi označite!

MARC

LEADER 00000nam a2200000 a 4500
001 UCZ7915
003 CL-VaPUC
008 960112e19500000SP |||||||||||||||||eng|d
082 0 4 |a 720.985  |b ORD  |2 21 
100 |a La Orden Miracle, Ernesto   |e autor  |9 352937 
245 1 0 |a Elogio de Quito 
300 |a 122 p 
942 |c BK 
945 |d 19960112 00:00:00  |a mcarcey 
260 |a Madrid  |b Cultura Hispánica  |c 1950 
650 0 |a Arquitectura ecuatoriana  |9 352938 
650 0 |a Iglesias  |9 352850 
650 7 |a CATEDRALES  |2 CL-VaPUC  |9 267660 
650 0 |a Esculturas  |9 344688 
651 7 |a QUITO  |2 CL-VaPUC  |9 352939 
651 0 |a Ecuador  |9 258378 
583 |a last modification  |c 19960112 00:00:00  |k Rodrigo Vera 
490 0 |a Cuadernos de Arte 
999 |c 243893  |d 243891 
952 |0 0  |1 0  |4 0  |6 720_985000000000000_ORD_1950  |7 0  |8 R  |9 257757  |a BIBART  |b BIBART  |d 2019-11-19  |i 3143201  |o 720.985 ORD 1950  |p 3143201  |r 2025-03-13  |w 2019-11-19  |y BK_R  |k ART